UK Counties – England, Northern Ireland, Scotland or Wales? - Statistics

General Stats
  • This quiz has been taken 363 times
  • The average score is 21 of 25
Answer Stats
Hint Answer % Correct
Somerset England
94%
Durham England
94%
Northumberland England
94%
Dorset England
93%
Suffolk England
93%
Londonderry/Derry Northern Ireland
92%
Cumbria England
91%
Gwynedd Wales
91%
Powys Wales
89%
Fife Scotland
86%
Angus Scotland
86%
Rutland England
85%
Midlothian Scotland
85%
Argyll and Bute Scotland
84%
Armagh Northern Ireland
82%
Antrim Northern Ireland
80%
Fermanagh Northern Ireland
80%
Tyrone Northern Ireland
80%
Down Northern Ireland
79%
Moray Scotland
77%
Ceredigion Wales
75%
Pembrokeshire Wales
68%
Monmouthshire Wales
63%
Renfrewshire Scotland
61%
Flintshire Wales
50%
No matching quizzes found
Score Distribution
Percent of People with Each Score
Percentile by Number Answered
Your Score History
You have not taken this quiz